Moduly pro profesní přípravu učitele přírodovědných předmětů a matematiky : modulární přístup v počáteční přípravě učitelů přírodovědných předmětů pro střední školy : [učební text] /

Hlavní autor: Nezvalová, Danuše
Korporativní autor: Univerzita Palackého. Přírodovědecká fakulta
Jazyk: Čeština
Vydáno: Olomouc : Univerzita Palackého v Olomouci, 2008
Vydání: 1. vyd.
Témata:
Fyzický popis: 369 s. : il. ; 21 cm
Knihy
Uloženo v:
LEADER 02251nam a2200541 a 4500
001 nkc20081801534
003 CZ PrNK
005 20080707102623.0
007 ta
008 080422s2008 xr a e p 000 0 cze
015 |a cnb001801534 
020 |a 978-80-244-1912-1  |q (brož.) :  |c neprodejné 
035 |a (OCoLC)236565060 
040 |a OLA001  |b cze 
072 7 |a 37  |x Výchova a vzdělávání  |2 Konspekt  |9 22 
072 7 |a 37.016  |x Učební osnovy. Vyučovací předměty. Učebnice  |2 Konspekt  |9 22 
080 |a 37.0  |2 MRF 
080 |a 37.014.5  |2 MRF 
080 |a 37.09  |2 MRF 
080 |a 37.091.3  |2 MRF 
080 |a 37.011/.012  |2 MRF 
080 |a (07)  |2 MRF 
100 1 |a Nezvalová, Danuše  |7 mzk2003210355  |4 aut 
245 1 0 |a Moduly pro profesní přípravu učitele přírodovědných předmětů a matematiky :  |b modulární přístup v počáteční přípravě učitelů přírodovědných předmětů pro střední školy : [učební text] /  |c Danuše Nezvalová 
250 |a 1. vyd. 
260 |a Olomouc :  |b Univerzita Palackého v Olomouci,  |c 2008 
300 |a 369 s. :  |b il. ;  |c 21 cm 
500 |a Vydáno v rámci projektu Modulární přístup v počátečním vzdělávání učitelů přírodovědných předmětů pro střední školy, č. CZ.04.1.03/3.2.15.2.0263 
500 |a Nad názvem: Univerzita Palackého v Olomouci, Přírodovědecká fakulta 
504 |a Obsahuje bibliografie 
650 0 7 |a vzdělávání  |7 ph127311  |2 czenas 
650 0 7 |a vzdělávací politika  |7 ph127308  |2 czenas 
650 0 7 |a školství  |7 ph116829  |2 czenas 
650 0 7 |a vyučovací metody  |7 ph127294  |2 czenas 
650 0 7 |a pedagogická evaluace  |7 ph115701  |2 czenas 
650 0 9 |a education  |2 eczenas 
650 0 9 |a educational policy  |2 eczenas 
650 0 9 |a education  |2 eczenas 
650 0 9 |a teaching methods  |2 eczenas 
650 0 9 |a educational evaluation  |2 eczenas 
655 7 |a učební texty  |7 fd133599  |2 czenas 
655 9 |a educational texts  |2 eczenas 
710 2 |a Univerzita Palackého.  |b Přírodovědecká fakulta  |7 kn20010709377 
910 2 |a BOA001  |b 2-1202.573 
990 |a BK 
995 |a 01 
991 |b 200805  |c NOV 
996 6 |b 2610342853  |c 2-1202.573  |l MZK  |r Sklad / do 1 hodiny  |n 1  |p p.v.  |w 000897477  |u 000010  |a 1  |e BOA001  |j MZK50  |s P